Team Tutberidze Students - Statistics

General Stats
  • This quiz has been taken 14 times
  • The average score is 6 of 21
Answer Stats
Picture Answer % Correct
Alexandra Trusova
100%
Alina Zagitova
100%
Anna Shcherbakova
100%
Kamila Valieva
90%
Evgenia Medvedeva
70%
Adelia Petrosian
60%
Aliona Kostornaïa
60%
Loulia Lipnitskaia
20%
Maïa Khromykh
10%
Moris Kvitelashvili
10%
Adrian Pitkeïev
0%
Alexeï Erokhov
0%
Anastasia Tarakanova
0%
Daniil Samsonov
0%
Daria Palenkova
0%
Elizabet Tursynbaeva
0%
Ilia Skirda
0%
Polina Chelepen
0%
Polina Tsourskaïa
0%
Serafima Sakhanovitch
0%
Sergueï Voronov
0%
No matching quizzes found
Score Distribution
Percent of People with Each Score
Percentile by Number Answered
Your Score History
You have not taken this quiz